Cow went over the mountain, The / (Record no. 111183)
[ view plain ]
| 000 -LEADER | |
|---|---|
| fixed length control field | 00532nam a2200181 a 4500 |
| 001 - CONTROL NUMBER | |
| control field | 0448 |
| 005 - DATE AND TIME OF LATEST TRANSACTION | |
| control field | 20140414131910.0 |
| 008 - FIXED-LENGTH DATA ELEMENTS--GENERAL INFORMATION | |
| fixed length control field | 040116s19uu xx 00 eng d |
| 020 ## - INTERNATIONAL STANDARD BOOK NUMBER | |
| International Standard Book Number | 0-307-03045-8 |
| 050 ## - LIBRARY OF CONGRESS CALL NUMBER | |
| Classification number | ER |
| Item number | C63 1963 |
| 100 ## - MAIN ENTRY--PERSONAL NAME | |
| Personal name | Krinsley, Jeanette |
| 245 ## - TITLE STATEMENT | |
| Title | Cow went over the mountain, The / |
| Statement of responsibility, etc | Jeanette Krinsley ; illustrated by Feodor Rojankovsky. |
| 260 ## - PUBLICATION, DISTRIBUTION, ETC. (IMPRINT) | |
| Place of publication, distribution, etc | U.S.A : |
| Name of publisher, distributor, etc | Little Golden Book, |
| Date of publication, distribution, etc | 1963. |
| 300 ## - PHYSICAL DESCRIPTION | |
| Extent | 1 v. p. : ill. ; cm. |
| 650 ## - SUBJECT ADDED ENTRY--TOPICAL TERM | |
| Topical term or geographic name as entry element | Cows |
| General subdivision | Fiction. |
| 650 ## - SUBJECT ADDED ENTRY--TOPICAL TERM | |
| Topical term or geographic name as entry element | Children stories. |
| Withdrawn status | Lost status | Damaged status | Use restrictions | Home library | Current library | Shelving location | Date acquired | Source of acquisition | Total Checkouts | Full call number | Barcode | Date last seen | Price effective from | Koha item type |
|---|---|---|---|---|---|---|---|---|---|---|---|---|---|---|
| Munich Library | Munich Library | Easy Reading Section | 01/16/2004 | ER C63 1963 | M1778 | 04/14/2014 | 04/14/2014 | Books |